| 000 | 01309cam a2200385 a 4500 | ||
|---|---|---|---|
| 999 |
_c23431 _d23431 |
||
| 001 | vtls011562579 | ||
| 005 | 20221011072456.0 | ||
| 008 | 180601s2016 xo g 000 f slo | ||
| 020 |
_a9788055147680 _q(viaz.) |
||
| 035 | _a8588794A-B262-40E6-A081-7D5C28AA2596 | ||
| 035 | _aurn:nbn:sk:snk-am3h6j6 | ||
| 035 | _aurn:nbn:sk:snk-am00co25 | ||
| 040 |
_aPPPK _bslo _cPPPK _dSNK _eAACR2 |
||
| 041 | 1 |
_aslo _hswe |
|
| 044 |
_axo _cSK |
||
| 072 | 7 |
_a821.11 _xGermánske literatúry _2konspekt |
|
| 080 |
_a821.113.6-31 _22011 |
||
| 080 |
_a(0:82-312.4) _22011 |
||
| 100 | 1 |
_aKepler, Lars _93646 |
|
| 240 | 1 | 0 |
_aPlayground _lSlovensky |
| 245 | 1 | 0 |
_aIhrisko _cLars Kepler ; preložila Mária Bratová |
| 260 |
_aBratislava _bIkar _c2016 |
||
| 300 |
_a398 s. _c24 cm |
||
| 490 | 1 | _aSeverské krimi | |
| 500 | _aNa obálke: Od autorov bestsellerov Hypnotizér, Zmluva podľa Paganiniho, Svedkyňa ohňa, Uspávač, Stalker | ||
| 500 | _aPreložené zo švédčiny | ||
| 655 | 7 |
_ašvédske romány _2SNKPH _91715 |
|
| 655 | 7 |
_atrilery (romány) _2SNKPH _92135 |
|
| 655 | 7 |
_aSwedish fiction _2SNKPHeng _91716 |
|
| 655 | 7 |
_aThrillers (novels) _2SNKPHeng _91722 |
|
| 700 | 1 |
_aBratová, Mária, _d1958- _4trl _92014 |
|
| 958 | _aLX | ||
| 958 | _aUP | ||